000 00609nas a22002291i#4500
001 1808
003 ES-MaACL
005 20250724062552.0
007 t|
008 950801d1885 sp s| | 1 ||pa d
080 _a460
245 0 0 _aRevista crítica de historia, literatura y bellas artes.
260 _a[S.l :
_bs.n.],
_c1885-
300 _av ;
_c24 cm.
310 _aQuincenal
362 0 _aN. 1 (1º abr. 1885)-
500 _aEjemplares carentes de portada n. 1-3.
650 7 _aCultura
_2embne
_9170963
852 _aES-MaACL
_jT-461-F-4
866 0 _o(1885 nº 1-2-3)
999 _c1808
_d1808